| 000 | 00773nam a22002297a 4500 | ||
|---|---|---|---|
| 003 | OSt | ||
| 005 | 20251127155048.0 | ||
| 008 | 251127b |||||||| |||| 00| 0 eng d | ||
| 020 | _a978-1-4777-7844-9 | ||
| 040 |
_aDWCL - Main Library _cOC |
||
| 082 | _aGr. 333.7 L392w 2015 | ||
| 100 | _aLevete, Sarah | ||
| 245 |
_aWorld in crisis : _bthe race to fix the global economy / _cSarah Levete |
||
| 260 |
_aNew York : _bThe rosen Publishing Group, Inc, _cc2015. |
||
| 300 |
_a48 pages : _bcolored illustrations ; _c26 cm. |
||
| 504 | _a1.Includes glossary | ||
| 504 | _a2.index | ||
| 650 | _aI. Financial crisis-juvenile literature. | ||
| 650 | _aII. Globalization-Economic aspects | ||
| 650 | _2III. International finance-Juvemile literature | ||
| 942 |
_2ddc _cGR _mGr. _n0 |
||
| 999 |
_c6491 _d6491 |
||